[Event "DEM U16w 2024"]
[Site "Willingen GER"]
[Date "2024.05.23"]
[Round "7"]
[White "Hoffmann, Sophia"]
[Black "Jacobasch, Ronja"]
[Result "1/2-1/2"]
[Termination "normal"]
[Board "7"]
[WhiteElo "1692"]
[BlackElo "1813"]
[WhiteClock "00:01:15"]
[BlackClock "00:00:47"]
[PlyCount "65"]
[WhiteFideId "16259130"]
[BlackFideId "34604340"]
[EventCountry "GER"]
[EventRounds "9"]
[EventType "swiss"]
[EventDate "2024.05.18"]

1. d4 {[%clk 01:30:58]} {[%emt 00:00:01]} Nf6 {[%clk 01:30:55]} {[%emt
00:00:05]} 2. Nf3 {[%clk 01:31:22]} {[%emt 00:00:05]} g6 {[%clk 01:31:19]}
{[%emt 00:00:06]} 3. g3 {[%clk 01:31:48]} {[%emt 00:00:04]} Bg7 {[%clk
01:31:43]} {[%emt 00:00:07]} 4. b3 {[%clk 01:32:14]} {[%emt 00:00:05]} O-O
{[%clk 01:31:50]} {[%emt 00:00:22]} 5. Bg2 {[%clk 01:31:52]} {[%emt 00:00:52]}
d6 {[%clk 01:31:47]} {[%emt 00:00:33]} 6. Bb2 {[%clk 01:31:55]} {[%emt
00:00:27]} Nbd7 {[%clk 01:30:21]} {[%emt 00:01:56]} 7. O-O {[%clk 01:30:48]}
{[%emt 00:01:37]} c5 {[%clk 01:27:43]} {[%emt 00:03:08]} 8. c4 {[%clk
01:30:14]} {[%emt 00:01:04]} Qc7 {[%clk 01:24:02]} {[%emt 00:04:11]} 9. Nc3
{[%clk 01:26:36]} {[%emt 00:04:08]} a6 {[%clk 01:20:16]} {[%emt 00:04:17]} 10.
Qc2 {[%clk 01:21:59]} {[%emt 00:05:06]} Rb8 {[%clk 01:18:28]} {[%emt 00:02:17]}
11. Rfd1 {[%clk 01:15:19]} {[%emt 00:07:11]} b5 {[%clk 01:14:39]} {[%emt
00:04:19]} 12. cxb5 {[%emt 00:11:03]} axb5 {[%clk 01:14:37]} {[%emt 00:00:29]}
13. Rac1 {[%clk 01:01:39]} {[%emt 00:03:41]} Qb6 {[%clk 00:58:52]} {[%emt
00:16:15]} 14. e3 {[%clk 00:50:55]} {[%emt 00:11:13]} Bb7 {[%clk 00:51:04]}
{[%emt 00:08:17]} 15. Ba1 {[%clk 00:40:59]} {[%emt 00:10:26]} Rfc8 {[%clk
00:44:48]} {[%emt 00:06:47]} 16. Qe2 {[%clk 00:35:11]} {[%emt 00:06:18]} Ba8
{[%clk 00:32:11]} {[%emt 00:13:07]} 17. Nh4 {[%clk 00:30:53]} {[%emt 00:04:46]}
Bxg2 {[%clk 00:26:43]} {[%emt 00:06:00]} 18. Nxg2 {[%clk 00:28:49]} {[%emt
00:02:33]} cxd4 {[%clk 00:24:50]} {[%emt 00:02:25]} 19. exd4 {[%clk 00:27:13]}
{[%emt 00:02:05]} e6 {[%clk 00:24:16]} {[%emt 00:01:04]} 20. Nf4 {[%clk
00:22:47]} {[%emt 00:04:56]} Rc7 {[%clk 00:22:05]} {[%emt 00:02:41]} 21. Bb2
{[%clk 00:15:58]} {[%emt 00:07:19]} Qa5 {[%clk 00:19:49]} {[%emt 00:02:47]} 22.
Rd2 {[%clk 00:11:15]} {[%emt 00:05:12]} Bh6 {[%clk 00:19:00]} {[%emt 00:01:19]}
23. Rcd1 {[%clk 00:02:15]} {[%emt 00:09:30]} e5 {[%clk 00:13:35]} {[%emt
00:05:55]} 24. dxe5 {[%clk 00:02:06]} {[%emt 00:00:39]} dxe5 {[%clk 00:13:09]}
{[%emt 00:00:57]} 25. Ncd5 {[%clk 00:01:48]} {[%emt 00:00:47]} Nxd5 {[%clk
00:08:04]} {[%emt 00:05:35]} 26. Rxd5 {[%clk 00:01:18]} {[%emt 00:01:00]} exf4
{[%clk 00:03:48]} {[%emt 00:04:46]} 27. Rxd7 {[%clk 00:01:35]} {[%emt
00:00:13]} Rxd7 {[%clk 00:03:21]} {[%emt 00:00:58]} 28. Rxd7 {[%clk 00:01:59]}
{[%emt 00:00:05]} b4 {[%clk 00:01:18]} {[%emt 00:02:33]} 29. Qe7 {[%emt
00:01:30]} Qf5 {[%clk 00:00:58]} {[%emt 00:00:47]} 30. Rd8+ {[%clk 00:01:12]}
{[%emt 00:00:20]} Rxd8 {[%clk 00:01:20]} {[%emt 00:00:08]} 31. Qxd8+ {[%clk
00:01:38]} {[%emt 00:00:04]} Bf8 {[%clk 00:01:41]} {[%emt 00:00:09]} 32. Qd4
{[%clk 00:01:45]} {[%emt 00:00:22]} f6 {[%clk 00:00:47]} {[%emt 00:01:24]} 33.
Qxf6 {[%clk 00:01:15]} {[%emt 00:01:01]} 1/2-1/2

[Event "DEM U16w 2024"]
[Site "Willingen GER"]
[Date "2024.05.23"]
[Round "7"]
[White "Bursan, Ana-Maria"]
[Black "Reich, Elisabeth"]
[Result "1/2-1/2"]
[Termination "normal"]
[Board "8"]
[WhiteElo "1715"]
[BlackElo "1799"]
[WhiteClock "00:24:35"]
[BlackClock "00:29:47"]
[PlyCount "44"]
[WhiteFideId "34620150"]
[BlackFideId "16239776"]
[EventCountry "GER"]
[EventRounds "9"]
[EventType "swiss"]
[EventDate "2024.05.18"]

1. e4 {[%clk 01:30:56]} {[%emt 00:00:02]} c5 {[%clk 01:30:57]} {[%emt
00:00:04]} 2. c3 {[%clk 01:31:11]} {[%emt 00:00:16]} e6 {[%clk 01:31:09]}
{[%emt 00:00:17]} 3. d4 {[%clk 01:31:28]} {[%emt 00:00:12]} cxd4 {[%clk
01:31:32]} {[%emt 00:00:08]} 4. cxd4 {[%clk 01:31:50]} {[%emt 00:00:07]} d5
{[%clk 01:31:58]} {[%emt 00:00:05]} 5. e5 {[%clk 01:32:05]} {[%emt 00:00:15]}
Bb4+ {[%clk 01:32:08]} {[%emt 00:00:20]} 6. Nc3 {[%clk 01:31:55]} {[%emt
00:00:40]} Nc6 {[%clk 01:31:16]} {[%emt 00:01:22]} 7. Bd3 {[%clk 01:28:09]}
{[%emt 00:04:16]} Nge7 {[%clk 01:29:45]} {[%emt 00:02:00]} 8. Nf3 {[%clk
01:27:44]} {[%emt 00:00:55]} Qc7 {[%clk 01:28:02]} {[%emt 00:02:13]} 9. O-O
{[%clk 01:25:16]} {[%emt 00:02:59]} Bxc3 {[%clk 01:28:18]} {[%emt 00:00:15]}
10. bxc3 {[%clk 01:25:27]} {[%emt 00:00:18]} Bd7 {[%clk 01:22:40]} {[%emt
00:06:01]} 11. Ba3 {[%clk 01:21:39]} {[%emt 00:04:24]} f5 {[%clk 01:15:32]}
{[%emt 00:07:38]} 12. Bd6 {[%clk 01:14:44]} {[%emt 00:07:26]} Qd8 {[%clk
01:14:28]} {[%emt 00:01:32]} 13. Rb1 {[%clk 01:10:41]} {[%emt 00:04:35]} b6
{[%clk 01:07:15]} {[%emt 00:07:44]} 14. h4 {[%clk 00:59:04]} {[%emt 00:12:05]}
Nc8 {[%clk 01:03:51]} {[%emt 00:03:53]} 15. Ba3 {[%clk 00:55:51]} {[%emt
00:03:45]} g6 {[%clk 01:02:46]} {[%emt 00:01:35]} 16. g3 {[%clk 00:49:57]}
{[%emt 00:06:24]} N6e7 {[%clk 00:57:04]} {[%emt 00:06:11]} 17. Qd2 {[%clk
00:46:38]} {[%emt 00:03:50]} h6 {[%clk 00:54:37]} {[%emt 00:02:56]} 18. Nh2
{[%clk 00:37:31]} {[%emt 00:09:37]} Kf7 {[%clk 00:47:31]} {[%emt 00:07:36]} 19.
f3 {[%clk 00:34:16]} {[%emt 00:03:47]} a6 {[%clk 00:37:37]} {[%emt 00:10:23]}
20. Rf2 {[%clk 00:29:49]} {[%emt 00:04:57]} b5 {[%clk 00:34:35]} {[%emt
00:03:32]} 21. g4 {[%clk 00:28:22]} {[%emt 00:01:57]} Nb6 {[%clk 00:31:53]}
{[%emt 00:03:12]} 22. Rg2 {[%clk 00:24:35]} {[%emt 00:04:17]} Nc4 {[%clk
00:29:47]} {[%emt 00:02:36]} 1/2-1/2

[Event "DEM U16w 2024"]
[Site "Willingen GER"]
[Date "2024.05.23"]
[Round "7"]
[White "Wartenberg, Alissa"]
[Black "Stasaitis, Paulina"]
[Result "0-1"]
[Termination "normal"]
[Board "9"]
[WhiteElo "1820"]
[BlackElo "1692"]
[WhiteClock "00:12:02"]
[BlackClock "00:44:30"]
[PlyCount "74"]
[WhiteFideId "16280741"]
[BlackFideId "34606165"]
[EventCountry "GER"]
[EventRounds "9"]
[EventType "swiss"]
[EventDate "2024.05.18"]

1. e4 {[%clk 01:30:59]} {[%emt 18:55:23]} d5 {[%clk 01:30:52]} {[%emt
00:00:08]} 2. exd5 {[%clk 01:31:27]} Qxd5 {[%clk 01:30:52]} 3. Nc3 {[%clk
01:31:52]} {[%emt 00:00:13]} Qa5 {[%clk 01:31:41]} {[%emt 00:00:06]} 4. d4
{[%clk 01:32:18]} {[%emt 00:00:03]} Nf6 {[%clk 01:32:06]} {[%emt 00:00:06]} 5.
Nf3 {[%clk 01:31:34]} {[%emt 00:01:14]} Bf5 {[%clk 01:32:02]} {[%emt 00:00:33]}
6. Bd2 {[%clk 01:29:50]} {[%emt 00:02:15]} c6 {[%clk 01:31:47]} {[%emt
00:00:44]} 7. Bc4 {[%clk 01:29:12]} {[%emt 00:01:08]} e6 {[%clk 01:30:31]}
{[%emt 00:01:46]} 8. O-O {[%clk 01:28:59]} {[%emt 00:00:43]} Qc7 {[%clk
01:29:00]} {[%emt 00:02:01]} 9. h3 {[%clk 01:28:06]} {[%emt 00:01:23]} Bd6
{[%clk 01:28:52]} {[%emt 00:00:38]} 10. Bg5 {[%clk 01:27:08]} {[%emt 00:01:29]}
Nbd7 {[%clk 01:28:28]} {[%emt 00:00:53]} 11. Re1 {[%clk 01:21:32]} {[%emt
00:06:06]} O-O-O {[%clk 01:24:31]} 12. a3 {[%clk 01:21:32]} h6 {[%clk
01:24:31]} 13. Be3 {[%clk 01:13:18]} {[%emt 00:17:18]} g5 {[%clk 01:20:11]} 14.
Kf1 {[%clk 01:13:18]} g4 {[%clk 01:20:11]} 15. hxg4 {[%clk 01:13:18]} Bxg4
{[%clk 01:20:11]} 16. Be2 {[%clk 00:28:46]} {[%emt 00:56:37]} h5 {[%clk
00:48:21]} {[%emt 00:16:08]} 17. Bg5 {[%clk 00:16:12]} h4 18. Nxh4 {[%clk
00:26:01]} Rdg8 19. Qd2 {[%clk 00:26:01]} Rxg5 {[%clk 00:48:21]} 20. Qxg5
{[%clk 00:26:01]} Bf4 {[%clk 00:48:21]} 21. Qg7 {[%clk 00:12:02]} {[%emt
00:33:36]} Rh7 {[%clk 00:44:30]} 22. Qxh7 {[%clk 00:12:02]} Bxe2+ {[%clk
00:44:30]} 23. Nxe2 {[%clk 00:12:02]} Nxh7 {[%clk 00:44:30]} 24. Nxf4 {[%clk
00:12:02]} Qxf4 {[%clk 00:44:30]} 25. Nf3 {[%clk 00:12:02]} Ng5 {[%clk
00:44:30]} 26. Nxg5 {[%clk 00:12:02]} Qxg5 {[%clk 00:44:30]} 27. c3 {[%clk
00:12:02]} Nf6 {[%clk 00:44:30]} 28. Re5 {[%clk 00:12:02]} Qf4 {[%clk
00:44:30]} 29. Re2 {[%clk 00:12:02]} Qh2 {[%clk 00:44:30]} 30. Ree1 {[%clk
00:12:02]} Ng4 {[%clk 00:44:30]} 31. Ke2 {[%clk 00:12:02]} Qxg2 {[%clk
00:44:30]} 32. Rf1 {[%clk 00:12:02]} Qe4+ {[%clk 00:44:30]} 33. Kd2 {[%clk
00:12:02]} Nh2 {[%clk 00:44:30]} 34. Rh1 {[%clk 00:12:02]} Nf3+ {[%clk
00:44:30]} 35. Kc1 {[%clk 00:12:02]} Kd7 {[%clk 00:44:30]} 36. b4 {[%clk
00:12:02]} Nxd4 {[%clk 00:44:30]} 37. Rd1 {[%clk 00:12:02]} Qc2# {[%clk
00:44:30]} 0-1

[Event "DEM U16w 2024"]
[Site "Willingen GER"]
[Date "2024.05.23"]
[Round "7"]
[White "Loos, Tilda"]
[Black "Stepanjan, Marianne"]
[Result "1/2-1/2"]
[Termination "normal"]
[Board "10"]
[WhiteElo "1667"]
[BlackElo "1769"]
[WhiteClock "00:07:56"]
[BlackClock "00:03:50"]
[PlyCount "80"]
[WhiteFideId "34620559"]
[BlackFideId "16246110"]
[EventCountry "GER"]
[EventRounds "9"]
[EventType "swiss"]
[EventDate "2024.05.18"]

1. e4 {[%clk 01:30:59]} e6 {[%clk 01:30:56]} {[%emt 00:00:04]} 2. d4 {[%clk
01:31:24]} {[%emt 00:00:06]} d5 {[%clk 01:31:23]} {[%emt 00:00:03]} 3. e5
{[%clk 01:31:49]} {[%emt 00:00:04]} c5 {[%clk 01:31:50]} {[%emt 00:00:03]} 4.
c3 {[%clk 01:32:13]} {[%emt 00:00:06]} Nc6 {[%clk 01:32:13]} {[%emt 00:00:08]}
5. Nf3 {[%clk 01:32:39]} {[%emt 00:00:04]} Bd7 {[%clk 01:32:38]} {[%emt
00:00:05]} 6. Bd3 {[%clk 01:32:59]} {[%emt 00:00:09]} Nge7 {[%clk 01:31:05]}
{[%emt 00:02:04]} 7. h4 {[%clk 01:30:33]} {[%emt 00:02:55]} cxd4 {[%clk
01:25:38]} {[%emt 00:05:57]} 8. cxd4 {[%clk 01:30:25]} {[%emt 00:00:39]} Qb6
{[%clk 01:20:21]} {[%emt 00:05:47]} 9. Bc2 {[%clk 01:25:00]} {[%emt 00:05:54]}
Nf5 {[%clk 01:12:23]} {[%emt 00:08:29]} 10. Bxf5 {[%clk 01:24:45]} {[%emt
00:00:44]} exf5 {[%clk 01:12:49]} {[%emt 00:00:04]} 11. Nc3 {[%clk 01:24:25]}
{[%emt 00:00:51]} Be6 {[%clk 01:04:45]} {[%emt 00:08:34]} 12. O-O {[%clk
01:21:42]} {[%emt 00:03:12]} Be7 {[%clk 00:59:40]} {[%emt 00:05:35]} 13. h5
{[%clk 01:13:39]} {[%emt 00:08:32]} h6 {[%clk 00:59:28]} {[%emt 00:00:43]} 14.
a4 {[%clk 01:07:39]} {[%emt 00:06:30]} Na5 {[%clk 00:53:07]} {[%emt 00:06:51]}
15. Rb1 {[%clk 00:54:12]} {[%emt 00:13:57]} Nb3 {[%clk 00:44:10]} {[%emt
00:09:27]} 16. Nb5 {[%clk 00:50:56]} {[%emt 00:03:45]} Nxc1 {[%clk 00:41:20]}
{[%emt 00:03:21]} 17. Rxc1 {[%clk 00:50:29]} {[%emt 00:00:57]} Rc8 {[%clk
00:39:12]} {[%emt 00:02:38]} 18. Rxc8+ {[%clk 00:48:26]} {[%emt 00:02:33]} Bxc8
{[%clk 00:38:35]} {[%emt 00:01:07]} 19. Qc2 {[%clk 00:47:01]} {[%emt 00:01:55]}
O-O {[%clk 00:37:18]} {[%emt 00:01:46]} 20. Qc7 {[%clk 00:42:43]} {[%emt
00:04:49]} Qxc7 {[%clk 00:34:07]} {[%emt 00:03:41]} 21. Nxc7 {[%clk 00:43:11]}
{[%emt 00:00:02]} Rd8 {[%clk 00:33:09]} {[%emt 00:01:28]} 22. Rc1 {[%clk
00:39:33]} {[%emt 00:04:09]} Bg5 {[%clk 00:31:55]} {[%emt 00:01:43]} 23. Rc2
{[%clk 00:34:24]} {[%emt 00:05:38]} Bd7 {[%clk 00:29:51]} {[%emt 00:02:35]} 24.
Nb5 {[%clk 00:27:25]} {[%emt 00:07:29]} a6 {[%clk 00:28:45]} {[%emt 00:01:37]}
25. Nc3 {[%clk 00:26:07]} {[%emt 00:01:47]} Rc8 {[%clk 00:27:40]} {[%emt
00:01:35]} 26. Nxg5 {[%clk 00:25:24]} {[%emt 00:01:12]} hxg5 {[%clk 00:27:12]}
{[%emt 00:00:59]} 27. Rd2 {[%clk 00:24:12]} {[%emt 00:01:42]} Be6 {[%clk
00:23:25]} {[%emt 00:04:17]} 28. Kf1 {[%clk 00:22:55]} {[%emt 00:01:47]} Kh7
{[%clk 00:20:09]} {[%emt 00:03:46]} 29. Ke2 {[%clk 00:18:10]} {[%emt 00:05:15]}
Kh6 {[%clk 00:19:27]} {[%emt 00:01:12]} 30. f3 {[%clk 00:16:55]} {[%emt
00:01:45]} Kxh5 {[%clk 00:18:23]} {[%emt 00:01:34]} 31. g3 {[%clk 00:16:39]}
{[%emt 00:00:46]} Rh8 {[%clk 00:14:57]} {[%emt 00:03:55]} 32. Ke3 {[%clk
00:15:45]} {[%emt 00:01:24]} Kg6 {[%clk 00:14:41]} {[%emt 00:00:47]} 33. Rc2
{[%clk 00:13:36]} {[%emt 00:02:39]} f6 {[%clk 00:13:23]} {[%emt 00:01:47]} 34.
Ne2 {[%clk 00:11:05]} {[%emt 00:03:01]} Rc8 {[%clk 00:12:47]} {[%emt 00:00:56]}
35. Rxc8 {[%clk 00:11:15]} {[%emt 00:00:30]} Bxc8 {[%clk 00:13:13]} {[%emt
00:00:05]} 36. Nc3 {[%clk 00:11:26]} {[%emt 00:00:19]} Be6 {[%clk 00:10:17]}
{[%emt 00:03:26]} 37. a5 {[%clk 00:10:32]} {[%emt 00:01:24]} Kf7 {[%clk
00:07:33]} {[%emt 00:03:13]} 38. Na4 {[%clk 00:09:38]} {[%emt 00:01:25]} g4
{[%clk 00:05:30]} {[%emt 00:02:34]} 39. f4 {[%clk 00:08:52]} {[%emt 00:01:15]}
Ke7 {[%clk 00:03:50]} {[%emt 00:02:09]} 40. Nc5 {[%clk 00:07:56]} {[%emt
00:01:26]} Bc8 {[%emt 00:00:52]} 1/2-1/2

[Event "DEM U16w 2024"]
[Site "Willingen GER"]
[Date "2024.05.23"]
[Round "7"]
[White "Sayouf, Rafif"]
[Black "Bezsonna, Polina"]
[Result "0-1"]
[Termination "normal"]
[Board "11"]
[WhiteElo "1690"]
[BlackElo "1788"]
[WhiteClock "00:09:31"]
[BlackClock "00:34:58"]
[PlyCount "54"]
[WhiteFideId "34630333"]
[BlackFideId "14191156"]
[EventCountry "GER"]
[EventRounds "9"]
[EventType "swiss"]
[EventDate "2024.05.18"]

1. d4 {[%clk 01:30:59]} Nf6 {[%clk 01:30:53]} {[%emt 00:00:08]} 2. c4 {[%clk
01:31:23]} {[%emt 00:00:05]} g6 {[%clk 01:31:16]} {[%emt 00:00:08]} 3. Nc3
{[%clk 01:31:42]} {[%emt 00:00:11]} Bg7 {[%clk 01:31:35]} {[%emt 00:00:10]} 4.
Nf3 {[%clk 01:31:51]} {[%emt 00:00:21]} O-O {[%clk 01:30:37]} {[%emt 00:01:28]}
5. e4 {[%clk 01:31:03]} {[%emt 00:01:18]} d6 {[%clk 01:31:03]} {[%emt
00:00:05]} 6. Be2 {[%clk 01:26:31]} {[%emt 00:05:00]} e5 {[%clk 01:31:23]}
{[%emt 00:00:11]} 7. d5 {[%clk 01:25:49]} {[%emt 00:01:12]} a5 {[%clk
01:31:36]} {[%emt 00:00:18]} 8. O-O {[%clk 01:21:35]} {[%emt 00:04:43]} Na6
{[%clk 01:31:03]} {[%emt 00:01:04]} 9. Bg5 {[%clk 01:11:53]} {[%emt 00:10:11]}
h6 {[%clk 01:31:07]} {[%emt 00:00:27]} 10. Bxf6 {[%clk 01:12:10]} {[%emt
00:00:12]} Bxf6 {[%clk 01:30:56]} {[%emt 00:00:42]} 11. Nd2 {[%clk 01:11:31]}
{[%emt 00:01:08]} Bd7 {[%clk 01:17:04]} {[%emt 00:14:23]} 12. a3 {[%clk
01:01:56]} {[%emt 00:10:05]} Bg7 {[%clk 01:16:56]} {[%emt 00:00:38]} 13. f4
{[%clk 00:47:49]} {[%emt 00:14:37]} exf4 {[%clk 01:16:22]} {[%emt 00:01:04]}
14. Rxf4 {[%clk 00:48:11]} {[%emt 00:00:07]} Qg5 {[%clk 01:08:49]} {[%emt
00:08:03]} 15. Rf1 {[%clk 00:34:39]} {[%emt 00:14:02]} Nc5 {[%clk 01:07:59]}
{[%emt 00:01:20]} 16. Rc1 {[%clk 00:29:35]} {[%emt 00:05:34]} Rae8 {[%clk
01:00:39]} {[%emt 00:07:50]} 17. Kh1 {[%clk 00:26:07]} {[%emt 00:03:57]} f5
{[%clk 00:56:51]} {[%emt 00:04:19]} 18. exf5 {[%clk 00:15:36]} {[%emt
00:11:01]} Bxf5 {[%clk 00:57:01]} {[%emt 00:00:20]} 19. b4 {[%clk 00:15:25]}
{[%emt 00:00:41]} axb4 {[%clk 00:53:51]} {[%emt 00:03:40]} 20. axb4 {[%clk
00:15:48]} {[%emt 00:00:06]} Nd3 {[%clk 00:40:41]} {[%emt 00:13:41]} 21. Bxd3
{[%clk 00:14:35]} {[%emt 00:01:44]} Bxd3 {[%clk 00:40:58]} {[%emt 00:00:13]}
22. Rxf8+ {[%clk 00:14:49]} {[%emt 00:00:15]} Rxf8 {[%clk 00:40:59]} {[%emt
00:00:29]} 23. Nf3 {[%clk 00:14:54]} {[%emt 00:00:24]} Qe3 {[%clk 00:39:42]}
{[%emt 00:01:47]} 24. Qd2 {[%clk 00:11:54]} {[%emt 00:03:30]} Rxf3 {[%clk
00:38:50]} {[%emt 00:01:23]} 25. Qxe3 {[%clk 00:09:43]} {[%emt 00:02:40]} Rxe3
{[%clk 00:39:12]} {[%emt 00:00:09]} 26. Nb5 {[%clk 00:10:00]} {[%emt 00:00:13]}
Re7 {[%clk 00:34:43]} {[%emt 00:04:59]} 27. Kg1 {[%clk 00:09:31]} {[%emt
00:00:58]} Bb2 {[%clk 00:34:58]} {[%emt 00:00:16]} 0-1

[Event "DEM U16w 2024"]
[Site "Willingen GER"]
[Date "2024.05.23"]
[Round "7"]
[White "Moldovan, Stela"]
[Black "Englert, Lin"]
[Result "1/2-1/2"]
[Termination "normal"]
[Board "12"]
[WhiteElo "1755"]
[BlackElo "1725"]
[WhiteClock "00:59:58"]
[BlackClock "00:15:16"]
[PlyCount "108"]
[WhiteFideId "16287380"]
[BlackFideId "16226410"]
[EventCountry "GER"]
[EventRounds "9"]
[EventType "swiss"]
[EventDate "2024.05.18"]

1. f4 {[%clk 01:30:54]} {[%emt 00:00:05]} d5 {[%clk 01:30:51]} {[%emt
00:00:10]} 2. Nf3 {[%clk 01:30:39]} {[%emt 00:00:45]} Nf6 {[%clk 01:30:12]}
{[%emt 00:01:09]} 3. e3 {[%clk 01:30:29]} {[%emt 00:00:40]} g6 {[%clk
01:28:01]} {[%emt 00:02:41]} 4. Be2 {[%clk 01:30:13]} {[%emt 00:00:45]} Bg7
{[%clk 01:28:00]} {[%emt 00:00:31]} 5. O-O {[%clk 01:30:23]} {[%emt 00:00:20]}
O-O {[%clk 01:27:50]} {[%emt 00:00:40]} 6. Ne5 {[%clk 01:29:01]} {[%emt
00:01:52]} Nbd7 {[%clk 01:22:27]} {[%emt 00:05:53]} 7. d4 {[%clk 01:27:39]}
{[%emt 00:01:52]} e6 {[%clk 01:19:34]} {[%emt 00:03:23]} 8. Bd2 {[%clk
01:26:22]} {[%emt 00:01:46]} c5 {[%clk 01:14:59]} {[%emt 00:05:06]} 9. c3
{[%clk 01:26:35]} {[%emt 00:00:17]} cxd4 {[%clk 01:00:16]} {[%emt 00:15:14]}
10. exd4 {[%clk 01:26:25]} {[%emt 00:00:39]} Ne4 {[%clk 00:58:57]} {[%emt
00:01:48]} 11. Be1 {[%clk 01:25:54]} {[%emt 00:01:01]} Nxe5 {[%clk 00:51:12]}
{[%emt 00:08:15]} 12. fxe5 {[%clk 01:26:04]} {[%emt 00:00:20]} Qb6 {[%clk
00:50:17]} {[%emt 00:01:24]} 13. Qb3 {[%clk 01:26:02]} {[%emt 00:00:33]} Qxb3
{[%clk 00:49:15]} {[%emt 00:01:33]} 14. axb3 {[%clk 01:26:23]} {[%emt
00:00:09]} Bd7 {[%clk 00:45:35]} {[%emt 00:04:10]} 15. Nd2 {[%clk 01:25:21]}
{[%emt 00:01:30]} Nxd2 {[%clk 00:41:05]} {[%emt 00:05:02]} 16. Bxd2 {[%clk
01:25:17]} {[%emt 00:00:33]} a6 {[%clk 00:40:53]} {[%emt 00:00:42]} 17. Bg5
{[%clk 01:23:46]} {[%emt 00:02:00]} h6 {[%clk 00:40:25]} {[%emt 00:01:00]} 18.
Be7 {[%clk 01:23:41]} {[%emt 00:00:34]} Rfe8 {[%clk 00:40:28]} {[%emt
00:00:27]} 19. Bc5 {[%clk 01:23:06]} {[%emt 00:01:04]} Bf8 {[%clk 00:39:23]}
{[%emt 00:01:36]} 20. Bb6 {[%clk 01:22:37]} {[%emt 00:00:55]} Rac8 {[%clk
00:38:19]} {[%emt 00:01:36]} 21. c4 {[%clk 01:22:03]} {[%emt 00:01:06]} Bc6
{[%clk 00:37:45]} {[%emt 00:01:03]} 22. Rf4 {[%clk 01:20:14]} {[%emt 00:02:08]}
Be7 {[%clk 00:36:55]} {[%emt 00:01:31]} 23. Raf1 {[%clk 01:19:26]} {[%emt
00:01:17]} Rf8 {[%clk 00:37:12]} {[%emt 00:00:14]} 24. h4 {[%clk 01:19:09]}
{[%emt 00:00:47]} Kg7 {[%clk 00:36:12]} {[%emt 00:01:30]} 25. Bd3 {[%clk
01:18:02]} {[%emt 00:01:37]} Rce8 {[%clk 00:32:09]} {[%emt 00:04:33]} 26. Bc7
{[%clk 01:12:08]} {[%emt 00:06:21]} Rc8 {[%clk 00:30:26]} {[%emt 00:02:17]} 27.
Ba5 {[%clk 01:12:03]} {[%emt 00:00:33]} Rce8 {[%clk 00:29:50]} {[%emt
00:01:07]} 28. Ra1 {[%clk 01:10:09]} {[%emt 00:02:20]} Bd8 {[%clk 00:28:58]}
{[%emt 00:01:26]} 29. Bxd8 {[%clk 01:10:10]} {[%emt 00:00:30]} Rxd8 {[%clk
00:29:26]} {[%emt 00:00:02]} 30. c5 {[%clk 01:10:25]} {[%emt 00:00:15]} Rb8
{[%clk 00:25:53]} {[%emt 00:04:02]} 31. Rff1 {[%clk 01:09:08]} {[%emt
00:01:44]} Rfc8 {[%clk 00:25:10]} {[%emt 00:01:17]} 32. Ra3 {[%clk 01:08:45]}
{[%emt 00:00:53]} Ra8 {[%clk 00:24:48]} {[%emt 00:00:52]} 33. Rfa1 {[%clk
01:08:46]} {[%emt 00:00:29]} Rf8 {[%clk 00:24:41]} {[%emt 00:00:38]} 34. b4
{[%clk 01:08:45]} {[%emt 00:00:32]} Rab8 {[%clk 00:23:54]} {[%emt 00:01:16]}
35. Ra5 {[%clk 01:08:14]} {[%emt 00:00:57]} Rfc8 {[%clk 00:23:41]} {[%emt
00:00:46]} 36. b5 {[%clk 01:08:24]} {[%emt 00:00:21]} axb5 {[%clk 00:24:05]}
{[%emt 00:00:06]} 37. Bxb5 {[%clk 01:08:41]} {[%emt 00:00:13]} b6 {[%clk
00:20:43]} {[%emt 00:03:53]} 38. cxb6 {[%clk 01:08:55]} {[%emt 00:00:16]} Rxb6
{[%clk 00:21:11]} {[%emt 00:00:01]} 39. Bxc6 {[%clk 01:09:04]} {[%emt
00:00:21]} Rcxc6 {[%clk 00:21:20]} {[%emt 00:00:21]} 40. Rb1 {[%clk 01:06:28]}
{[%emt 00:03:06]} Rc4 {[%clk 00:20:46]} {[%emt 00:01:04]} 41. Ra7 {[%clk
01:06:40]} {[%emt 00:00:17]} Rcb4 {[%clk 00:19:47]} {[%emt 00:01:31]} 42. Rf1
{[%clk 01:06:04]} {[%emt 00:01:05]} Rb7 {[%clk 00:19:56]} {[%emt 00:00:21]} 43.
Rxb7 {[%clk 01:06:29]} {[%emt 00:00:05]} Rxb7 {[%clk 00:20:25]} {[%emt
00:00:02]} 44. Rf2 {[%clk 01:06:55]} {[%emt 00:00:04]} Rb4 {[%clk 00:20:34]}
{[%emt 00:00:21]} 45. Rd2 {[%clk 01:07:21]} {[%emt 00:00:04]} f6 {[%clk
00:20:37]} {[%emt 00:00:27]} 46. exf6+ {[%clk 01:06:55]} {[%emt 00:00:56]} Kxf6
{[%clk 00:21:00]} {[%emt 00:00:07]} 47. g4 {[%clk 01:06:39]} {[%emt 00:00:46]}
e5 {[%clk 00:18:55]} {[%emt 00:02:36]} 48. Rf2+ {[%clk 01:03:15]} {[%emt
00:03:53]} Ke6 {[%clk 00:19:11]} {[%emt 00:00:13]} 49. g5 {[%clk 01:01:08]}
{[%emt 00:02:38]} hxg5 {[%clk 00:19:13]} {[%emt 00:00:29]} 50. hxg5 {[%clk
01:01:29]} {[%emt 00:00:09]} exd4 {[%clk 00:17:24]} {[%emt 00:02:20]} 51. Kg2
{[%clk 01:00:31]} {[%emt 00:01:27]} Rb3 {[%clk 00:17:19]} {[%emt 00:00:35]} 52.
Kf1 {[%clk 01:00:30]} {[%emt 00:00:32]} Ke5 {[%clk 00:16:14]} {[%emt 00:01:33]}
53. Kg2 {[%clk 00:59:58]} {[%emt 00:01:01]} d3 {[%clk 00:15:16]} {[%emt
00:01:31]} 54. Kf1 {[%emt 00:00:14]} Ke4 {[%emt 00:04:48]} 1/2-1/2